00437nam a2200157Ia 4500001000500000005001700005008004100022041000800063082001700071100003800088245010000126260000900226300002800235650000800263654000800271937720260306161714.0260306t2018||||xx |||||||||||||| ||spa|| aESP a378.17bE372 aEscribano González, AliciaeAUT 0aEl aprendizaje basado en problemas (ABP):buna propuesta metodológica en educación superior c2018 a184 páginas :c23 cm. aGEN aCED